| 000 | 00522nam a22001577a 4500 | ||
|---|---|---|---|
| 999 |
_c18630 _d18630 |
||
| 008 | 231219b ||||| |||| 00| 0 eng d | ||
| 020 | _a9781641166546 | ||
| 082 |
_22022 _aDC 550 _bW349 |
||
| 100 |
_aWatts, Elliott. _950523 |
||
| 245 |
_aFoundations of earth science / _cElliott Watts |
||
| 260 |
_aUSA : _bCallisto Reference, _c©2022. |
||
| 300 |
_aviii, 236 pages : _bcolor illustrations ; _c26 cm. |
||
| 500 | _aIncludes bibliography, references, and index. | ||
| 650 |
_aGeology _xTextbooks. _950640 |
||
| 942 |
_2ddc _cDC |
||